السلام والحب والشفاء / (رقم التسجيلة. 87715)

تفاصيل مارك
000 -LEADER
fixed length control field 01080nam a2200289 a 4500
003 - CONTROL NUMBER IDENTIFIER
control field EG-GiCUC
008 - FIXED-LENGTH DATA ELEMENTS--GENERAL INFORMATION
fixed length control field 061019s2002 ua g 000 0 ara d
020 ## - INTERNATIONAL STANDARD BOOK NUMBER
International Standard Book Number 977090939
040 ## - CATALOGING SOURCE
Original cataloging agency EG-GiCUC
Language of cataloging ara
Transcribing agency EG-GiCUC
041 1# - LANGUAGE CODE
Language code of text/sound track or separate title ara
Language code of original eng
092 04 - LOCALLY ASSIGNED DEWEY CALL NUMBER (OCLC)
Classification number 613
Item number S5714
Edition number 21
099 ## - LOCAL FREE-TEXT CALL NUMBER (OCLC)
Classification number 04
-- 613 S5714
100 1# - MAIN ENTRY--PERSONAL NAME
Personal name سيجيل : بيرنى س.
245 12 - TITLE STATEMENT
Title السلام والحب والشفاء /
Statement of responsibility, etc. تأليف بيرنى سيجيل ؛ ترجمة عزت شعلان
250 ## - EDITION STATEMENT
Edition statement ط1
260 ## - PUBLICATION, DISTRIBUTION, ETC.
Place of publication, distribution, etc. القاهرة :
Name of publisher, distributor, etc. دار الشروق
Date of publication, distribution, etc. 2002
300 ## - PHYSICAL DESCRIPTION
Extent 327ص ؛
Dimensions 24سم
500 ## - GENERAL NOTE
General note على الغلاف : بيرنى سيجل
504 ## - BIBLIOGRAPHY, ETC. NOTE
Bibliography, etc. note يشتمل على ارجاعات ببليوجرافية (ص309-324)
546 ## - LANGUAGE NOTE
Language note ترجم عن الاصل : Peace , love & healing : bodymind communication and the path to self-healing : an exploration / Bernie S.Siegel
650 #7 - SUBJECT ADDED ENTRY--TOPICAL TERM
Topical term or geographic name entry element الصة العامة
Source of heading or term qrmak
700 1# - ADDED ENTRY--PERSONAL NAME
Personal name شعلان : عزت : مترجم
902 ## - LOCAL DATA ELEMENT B, LDB (RLIN)
No. of Items 2
905 ## - LOCAL DATA ELEMENT E, LDE (RLIN)
Cataloger ابراهيم
Reviser مدخل
905 ## - LOCAL DATA ELEMENT E, LDE (RLIN)
Cataloger ايمان ع
Reviser مراجع
942 ## - ADDED ENTRY ELEMENTS (KOHA)
Source of classification or shelving scheme Dewey Decimal Classification
Koha item type Books
المقتنيات
Source of classification or shelving scheme Not for loan Home library Current library Date acquired Full call number Barcode Date last seen Copy number Koha item type
Dewey Decimal Classification   المكتبة المركزبة الجديدة - جامعة القاهرة قاعة الكتب - الدور الثاني 11.02.2024 613 S5714 01000100110671000 22.09.2023 C.1 Books
Dewey Decimal Classification   المكتبة المركزبة الجديدة - جامعة القاهرة قاعة الكتب - الدور الثاني 11.02.2024 613 S5714 01000100110672000 22.09.2023 C.2 Books
Cairo University Libraries Portal Implemented & Customized by: Eng. M. Mohamady Contacts: new-lib@cl.cu.edu.eg | cnul@cl.cu.edu.eg
CUCL logo CNUL logo
© All rights reserved — Cairo University Libraries
CUCL logo
Implemented & Customized by: Eng. M. Mohamady Contact: new-lib@cl.cu.edu.eg © All rights reserved — New Central Library
CNUL logo
Implemented & Customized by: Eng. M. Mohamady Contact: cnul@cl.cu.edu.eg © All rights reserved — Cairo National University Library